| 000 | 00395nam a2200133Ia 4500 | ||
|---|---|---|---|
| 008 | 230917s9999||||xx |||||||||||||| ||und|| | ||
| 040 |
_e169263 _aMAIN |
||
| 041 | _aEnglish | ||
| 082 | _a332.10954 A35C | ||
| 100 | _aAshish Kumar | ||
| 245 | 0 | _aCritical evaluation of project financing in India by financial institutions, procedures, strategies and appraisal | |
| 300 | _a294 p. | ||
| 942 | _cTH | ||
| 999 |
_c125306 _d125306 |
||